[Event "17th Asian Continental-ch Open 2018"]
[Site "Makati City"]
[Date "2018.12.12"]
[Round "3.11"]
[White "Le, Quang Liem"]
[Black "Ervan, Mohamad"]
[Result "1-0"]
[WhiteElo "2714"]
[BlackElo "2357"]
[Annotator "TA"]
[PlyCount "89"]
[EventDate "2018.12.07"]
[EventType "swiss"]
[EventRounds "9"]
[EventCountry "PHI"]

{[%evp 24,89,47,42,56,67,83,77,86,72,180,179,181,101,125,122,124,108,168,117,254,247,332,377,394,394,389,387,365,226,215,210,384,366,392,389,377,377,389,381,367,330,592,608,527,504,905,2008,1880,1774,1767,1566,1406,1229,2583,2429,29977,29978,29978,29979,29980,29978,29987,29988,29989,29990,29990,29991]} 1. d4 Nf6 2. c4 e6 3. Nc3 Bb4 4. Nf3 b6 5. e3 Ne4 6. Qc2 Bb7 7. Bd3 f5 8. O-O Bxc3 9. bxc3 O-O 10. Nd2 Qh4 11. f3 Nxd2 12. Bxd2 Nc6 13. Rae1 {LiveBook: 5 Games. E43: Nimzo-Indian: Rubinstein: 4...b6} (13. Rab1 Rf6 14. Be1 Qh6 15. Kh1 d6 16. Bf2 Raf8 17. c5 dxc5 18. dxc5 Ne5 19. Be2 Rg6 20. Bg1 Qg5 21. Bb5 {0-1 (63) Duda,J (2660)-Kovalenko,I (2680) Tallinn 2016}) 13... d6 14. e4 {[%cal Re4f5]} Qf6 {[#]} 15. exf5 $146 {White is better.} ({Predecessor:} 15. f4 Rae8 16. exf5 exf5 17. Bxf5 g6 18. Bh3 Na5 19. Qa4 Bc6 20. Qb4 Be4 {½-½ (66) Arencibia Rodriguez,W (2526)-Hamilton,R (2251) Montreal 2013}) 15... exf5 16. Re2 g6 (16... Bc8 $16) 17. Rfe1 $18 Qf7 18. Bg5 ({White should try} 18. Qa4 $18) 18... Rfe8 19. h4 Rxe2 20. Qxe2 Ba6 (20... Na5 $16 {was necessary.}) 21. Kh2 (21. g4 $1 $18) 21... Kg7 (21... Rf8 $16 {keeps fighting.}) 22. h5 $1 gxh5 23. f4 $1 h6 24. Bh4 Na5 25. d5 Rf8 26. Qe3 {Strongly threatening Qg3+.} Kg8 27. c5 Bxd3 $2 (27... Bc4) 28. Qxd3 Re8 29. Rxe8+ Qxe8 {[#]} 30. cxd6 $1 cxd6 31. Qxf5 Nc4 {[#] intending ...Ne3.} 32. Bf2 $1 Nd2 $2 (32... Na3 33. Qf6 Nc2 34. Qxh6 Ne3 35. Qxd6 Ng4+ 36. Kg3 Nxf2 37. Kxf2 Qa4 38. Qe6+ Kf8 39. Qf6+ Kg8) 33. Bd4 Ne4 34. Kh3 b5 (34... Nxc3 $142 35. Qf6 {[%mdl 64] Double Attack} Qd7+ 36. Kh2 Nb5) 35. Qe6+ Qxe6+ 36. dxe6 {[%mdl 4096] Endgame KB-KN} Kf8 37. Kh4 Ke7 38. f5 a5 39. Kxh5 b4 40. cxb4 {White mates.} axb4 41. Kxh6 Ng3 42. Kg6 Ne2 43. Be3 Nc3 44. Bg5+ Ke8 45. f6 {Accuracy: White = 87%, Black = 29%.} 1-0

[Event "17th Asian Continental-ch Open 2018"]
[Site "Makati City"]
[Date "2018.12.12"]
[Round "3.12"]
[White "Tabatabaei, M.amin"]
[Black "Bersamina, Paulo"]
[Result "1-0"]
[WhiteElo "2587"]
[BlackElo "2444"]
[Annotator "TA"]
[PlyCount "107"]
[EventDate "2018.12.07"]
[EventType "swiss"]
[EventRounds "9"]
[EventCountry "PHI"]

{[%evp 17,107,39,48,60,73,75,93,68,81,74,84,75,77,78,74,81,124,112,114,94,128,121,180,121,111,126,128,119,117,115,125,123,127,133,140,145,127,124,130,130,134,106,120,97,118,92,115,119,149,149,149,149,149,149,149,149,149,129,140,114,131,114,127,127,135,145,183,185,188,164,180,182,237,218,386,357,466,422,619,275,270,257,302,222,383,525,484,483,2035,1994,4710,2143]} 1. d4 Nf6 2. c4 e6 3. Nf3 d5 4. g3 g6 5. Bg2 Bg7 6. O-O O-O 7. Nc3 Nc6 8. b3 {D77: Fianchetto Grünfeld: 6 0-0: Replies other than 6...c6} (8. Ne5 Ne7 9. Qb3 c6 10. Rd1 Nf5 11. g4 Nxg4 12. Nxg4 Qh4 13. h3 h5 14. Ne5 Nxd4 15. Rxd4 Qxd4 {0-1 (67) Ding,L (2718)-Wang,C (2485) China 2013}) 8... Ne4 9. Bb2 f5 {LiveBook: 3 Games} 10. Rc1 $146 {White is slightly better.} ({Predecessor:} 10. e3 b6 11. cxd5 exd5 12. Qc1 Nb4 13. Rd1 Ba6 14. Ne1 Bb7 15. a3 Na6 {0-1 (46) Dizdar,G (2509)-Henrichs,T (2475) Austria 2017}) 10... g5 11. e3 g4 12. Ne1 Ne7 13. Nd3 c6 14. h3 gxh3 15. Bxh3 Ng6 16. Ne2 h5 17. Nef4 Nxf4 18. gxf4 (18. exf4 $6 h4 $11) 18... Qh4 19. Kh2 {[%cal Bg1h2,Bh2g2,Bg2f1,Bf1f2][%mdl 32]} Nf6 (19... Rf6 $16) 20. Qe1 ({White should play} 20. Rh1 $18) 20... Ng4+ $16 21. Kg2 Rf6 {[#] And now ...Rg6 would win.} 22. Rh1 $1 Rg6 23. Kf1 dxc4 24. bxc4 ({Reject} 24. Rxc4 $6 b6 $11) 24... b6 25. f3 Qxe1+ 26. Rxe1 Nh6 27. Kf2 Ba6 28. Rc1 Nf7 29. Bf1 Rh6 30. Ba3 {[%cal Bb2a3,Ba3b4,Bb4e7][%mdl 32]} Rd8 31. Bb4 h4 32. Be7 Rc8 33. Rxh4 Rxh4 34. Bxh4 c5 35. dxc5 bxc5 36. Be7 Bf8 37. Bxf8 Kxf8 38. Rc3 Rc7 39. Ne5 Nxe5 40. fxe5 {[%mdl 4096] Endgame KRB-KRB} Bb7 41. Ra3 Bc6 42. Be2 Ke7 43. f4 Bd7 44. Bf3 Be8 (44... Bc8 $142 45. e4 fxe4) 45. Kg3 $18 Bg6 $2 {[#]} (45... Kf8 46. Ra6 Ke7) 46. Kh4 Be8 47. Kg5 Bd7 (47... Bf7 $142 48. e4 fxe4) 48. Bd1 (48. e4 $142) 48... Bc8 49. Bh5 Bd7 50. Bg6 Rb7 $2 (50... Bc6 {was worth a try.} 51. Bh5 Bg2) 51. e4 fxe4 {White is clearly winning.} 52. Bxe4 Rc7 (52... Rb2 $142 53. Rxa7 Kd8) 53. Rh3 Kd8 54. Kf6 {Accuracy: White = 71%, Black = 43%.} 1-0

[Event "17th Asian Continental-ch Open 2018"]
[Site "Makati City"]
[Date "2018.12.12"]
[Round "3.13"]
[White "Pascua, Haridas"]
[Black "Puranik, Abhimanyu"]
[Result "1/2-1/2"]
[WhiteElo "2442"]
[BlackElo "2544"]
[Annotator "TA"]
[PlyCount "275"]
[EventDate "2018.12.07"]
[EventType "swiss"]
[EventRounds "9"]
[EventCountry "PHI"]

{[%evp 13,275,-7,26,-21,0,-30,2,12,18,16,0,0,18,0,14,10,22,23,8,20,14,11,29,21,34,26,35,20,41,27,23,6,10,15,13,0,0,6,34,37,54,28,103,101,127,137,132,113,136,8,9,0,56,48,337,336,287,-45,-45,-45,-49,-71,-71,-71,-71,-71,-71,-71,0,0,0,-71,-71,-71,-71,-71,-71,-71,0,0,0,-71,-71,-71,-71,-71,-71,-71,-71,-71,-71,-71,-71,-71,-71,-71,-71,-71,-64,-64,-64,-64,-64,-88,-62,-64,-70,-72,-55,-55,0,0,0,0,0,0,0,0,0,0,0,0,0,0,0,0,0,0,0,0,0,0,0,0,0,0,0,0,0,0,0,0,0,0,0,0,0,0,0,0,0,0,0,0,0,0,0,0,0,0,0,0,0,0,0,0,0,0,0,0,0,0,0,0,0,0,0,0,0,0,0,0,0,0,0,0,0,0,0,0,0,0,0,0,0,0,0,0,0,0,0,0,0,0,0,0,0,0,0,0,0,0,0,0,0,0,0,0,0,0,0,0,0,0,0,0,0,0,0,0,0,0,0,0,0,0,0,0,0,0,0,0,0,0,0,0,0,0,0,0,0,0,0,0,0,0,0,0,0,0,0,0,0,0]} 1. d4 Nf6 2. c4 g6 3. g3 c6 4. Bg2 d5 5. Qa4 Bg7 6. Nf3 O-O 7. O-O Bf5 {LiveBook: 9 Games. D78: Fianchetto Grünfeld: 6 0-0 c6} (7... dxc4 8. Qxc4 Bf5 9. Nc3 Nbd7 10. Re1 Nb6 11. Qb3 Be6 12. Qd1 Nfd5 13. Ne4 Qc8 14. Neg5 Rd8 15. e4 Nc7 16. Bf4 Nb5 17. d5 cxd5 18. Rc1 {½-½ (79) Yu,Y (2751)-Grischuk,A (2772) Huaian 2017}) 8. h3 $146 ({Predecessor:} 8. Nc3 dxc4 9. Qxc4 Nbd7 10. Re1 Ne4 11. Qb3 Nb6 12. Nh4 Be6 13. Qc2 Nd6 14. Rd1 Rc8 15. e4 f5 16. d5 cxd5 17. exd5 Bd7 18. Re1 {0-1 (26) Vaibhav,S (2530)-Yu,Y (2667) Sharjah 2014}) 8... a6 9. c5 b6 {Black has an edge.} 10. cxb6 Qxb6 11. Qa3 Nbd7 12. Nc3 Rfe8 13. Bf4 Ne4 14. Rac1 Rac8 15. Na4 Qb5 16. g4 Be6 17. Nc3 Qb6 18. e3 c5 19. Rfd1 cxd4 20. Nxd4 Nxc3 21. bxc3 Ne5 22. Qb3 Nc4 23. Rb1 Qa5 24. Bg3 Bd7 {aiming for ...Ba4.} 25. Qb7 Ba4 (25... Bxd4 $5 26. Qxd7 (26. cxd4 Bc6 $11) (26. Bxd5 Nxe3 27. Rxd4 Nxd5 $15) 26... Bxc3 $11) 26. Nb3 Qxc3 27. Qxa6 (27. Rbc1 $5 {[%cal Rc1c3]} Qb2 28. Bxd5 $14) 27... Ra8 (27... Bxb3 $11 28. Rxb3 Qc2 29. Rxd5 Nd2) 28. Qb7 $16 e6 29. Rdc1 Qf6 30. Nc5 Bf8 {[#]} 31. Nxa4 (31. Rxc4 $1 $16 {[%mdl 512]} dxc4 32. Nxa4 Rxa4 33. Qb5 {[%mdl 64] Double Attack}) 31... Rxa4 $11 32. e4 {[%cal Be3e4,Be4d5,Bd5e6][%mdl 32]} Rxa2 (32... Nd2 $1 $11) 33. exd5 Bc5 $2 {[%mdl 8192]} (33... Nd6 $14 34. Qb3 Rd2) 34. dxe6 $18 Bxf2+ 35. Bxf2 $2 (35. Kh1 $18 Bxg3 36. exf7+ Qxf7 37. Bd5 {[%mdl 64] Double Attack} Rh2+ 38. Kg1 Rg2+ {[%mdl 64] Decoy} 39. Kxg2 Ne3+ 40. Kxg3 Nxd5 41. Qxf7+ Kxf7 42. Rb5) 35... Qxf2+ $15 36. Kh1 Rxe6 37. Rxc4 Re1+ 38. Rxe1 Qxe1+ 39. Kh2 Qe5+ {[%mdl 1024] Black has strong compensation.} 40. Kg1 Qe3+ 41. Kh2 Qe5+ 42. Kg1 {[#]} Ra1+ $1 43. Bf1 Qe3+ 44. Kg2 Qd2+ 45. Kg1 Qe3+ ({Black should play} 45... Rxf1+ $1 $17 46. Kxf1 Qd3+ 47. Kf2 Qxc4) 46. Kg2 $11 Qd2+ $40 {[%mdl 128] Black is up to no good.} ({Black should try} 46... Ra2+ $11 47. Kh1 Qg3 48. Qc8+ Kg7) 47. Kg1 $17 Rxf1+ $1 {[%mdl 64] Decoy} 48. Kxf1 Qd3+ 49. Kg2 {Qb8+ would kill now.} Qxc4 {[%mdl 4096] Endgame KQ-KQ} 50. Qb8+ Kg7 51. Qe5+ f6 52. Qe7+ Qf7 53. Qe4 Qa2+ 54. Kf3 Qb3+ 55. Kg2 Qb2+ 56. Kf3 Qc3+ 57. Kg2 Qe5 58. Qd3 h5 59. Qd7+ Kh6 {And now ...Qe2+ would win.} 60. Qd2+ Qg5 61. Qd4 h4 ({Better is} 61... hxg4 $1 $15 62. hxg4 Qe5 63. Qd2+ Kh7) 62. Qf2 $11 {The position is equal.} Qd5+ 63. Kg1 Qd1+ 64. Kg2 $1 Qd5+ 65. Kg1 Qg5 66. Kg2 $1 f5 67. Qd4 {[%cal Rd4h8]} Qe7 68. Qf4+ Qg5 69. Qd4 {[%cal Rd4h8]} Kh7 70. Qd7+ Kg8 71. Qe8+ Kg7 72. Qd7+ Kf8 73. Qc8+ Kf7 74. Qc4+ Kg7 75. Qc7+ Kh6 76. Qe5 {[%cal Re5h8]} Qd2+ 77. Kg1 Qd1+ 78. Kg2 Qd2+ 79. Kg1 Qc1+ 80. Kg2 Qc2+ 81. Kg1 Qc1+ 82. Kg2 Qd2+ 83. Kg1 Kg5 84. gxf5 Qd1+ 85. Kg2 Qc2+ 86. Kg1 Qc1+ ({Don't play} 86... Qxf5 87. Qe7+ Qf6 88. Qe4 $17) 87. Kg2 Qc6+ 88. Kf2 gxf5 89. Qe7+ Qf6 (89... Kh5 {is interesting.} 90. Qf7+ Kg5 91. Qe7+) 90. Qe3+ (90. Qb4 {is more complex.} Kh5 91. Qc5 Kh6 92. Kf3 Kh5 93. Kf2) 90... Kg6 91. Qe8+ Kg7 92. Qd7+ Kh6 93. Qd2+ Kg6 {Threatens to win with ...Qe5.} 94. Qb4 Kh5 95. Qb3 Qd4+ 96. Kf3 Qe4+ 97. Kf2 Kg5 98. Qc3 Qe7 99. Kf3 Qe4+ 100. Kf2 Qf4+ 101. Kg2 Qd6 102. Qb3 Qd2+ 103. Kf3 Qf4+ 104. Kg2 Qe4+ 105. Kf2 Kf4 106. Qb8+ Qe5 107. Qb6 Kg5 108. Qd8+ Kh5 {Hoping for ...Qg3+.} 109. Qd3 Qf4+ 110. Ke2 Kg6 111. Qb3 Qe4+ 112. Kf2 Qf4+ 113. Kg2 Qe4+ 114. Kf2 Kg5 115. Qc3 Qe7 (115... f4 {looks sharper.} 116. Qg7+ Kf5 117. Qh7+ Ke5 118. Qe7+ Kf5) 116. Kf3 Qb7+ 117. Kf2 Qd7 118. Kf3 Kg6 119. Qb3 Qf7 120. Qb6+ Qf6 121. Qb3 Kh5 122. Kf2 Qe5 123. Qf7+ Kh6 124. Qf8+ Kg6 {White must now prevent ...Qh2+.} 125. Qg8+ Qg7 126. Qe6+ Qf6 127. Qg8+ Kh6 {...Qd4+ is the strong threat.} 128. Qb3 Qd4+ 129. Kf3 Qe5 {( -> ...Qg3+)} 130. Kf2 (130. Kg2 {seems wilder.} f4 131. Qd3 Qg7+ 132. Kf1 Qg5 133. Ke2) 130... Qh2+ 131. Kf1 Qd6 (131... Qg3 $5 {[%cal Rg3b3]} 132. Qe6+ Kh5 133. Qxf5+ Kh6 $11) 132. Kf2 Qc6 133. Qe3+ Kg6 134. Qb3 Kf6 135. Qb2+ Ke6 136. Qb3+ Qd5 137. Qb6+ Ke5 {Strongly threatening ...Qd4+.} 138. Qe3+ {Accuracy: White = 66%, Black = 50%.} 1/2-1/2

[Event "17th Asian Continental-ch Open 2018"]
[Site "Makati City"]
[Date "2018.12.12"]
[Round "3.14"]
[White "Xu, Yi"]
[Black "Dimakiling, Oliver"]
[Result "1-0"]
[WhiteElo "2533"]
[BlackElo "2434"]
[Annotator "TA"]
[PlyCount "109"]
[EventDate "2018.12.07"]
[EventType "swiss"]
[EventRounds "9"]
[EventCountry "PHI"]

{[%evp 18,109,58,41,40,34,39,36,37,37,38,22,38,39,37,45,47,45,69,18,21,0,0,0,30,39,29,39,151,139,128,122,160,149,170,167,210,212,206,204,217,202,298,296,334,324,332,337,333,265,376,233,256,234,263,0,304,306,391,379,364,364,465,461,976,968,969,946,757,683,617,606,585,565,471,376,467,446,789,777,888,712,1330,1299,6498,6103,29980,29981,29981,29982,29982,29983,29983,29984]} 1. e4 e5 2. Nf3 Nf6 3. Nc3 d6 4. d4 exd4 5. Nxd4 Be7 6. g3 O-O 7. Bg2 {C41: Philidor Defence} Re8 8. O-O Bf8 9. h3 Nbd7 10. b3 {LiveBook: 3 Games} (10. Re1 c5 11. Nf5 Ne5 12. Bg5 h6 13. Bxf6 Qxf6 14. Nd5 Qd8 {½-½ (32) Oparin,G (2602)-Mamedyarov,S (2799) Moscow 2017}) 10... g6 11. Bb2 Bg7 12. Qd2 a5 $146 ({Predecessor:} 12... c6 13. a4 a5 14. Kh2 Qb6 15. Rad1 {0-1 (33) Morris,P (2405)-Hodgson,J (2545) Dublin 1991}) 13. Rae1 Nc5 14. Kh2 c6 15. a4 Bd7 16. f4 Qc7 17. Qf2 Rad8 {[#]} 18. Re2 ({White should try} 18. e5 $1 $14 {[%mdl 512]} Nh5 (18... dxe5 19. fxe5) 19. Nf3) 18... Bg4 19. Rd2 Rxe4 20. Qg1 $1 Re7 (20... Bh5 21. Nxe4 Ncxe4 22. Bxe4 $18) 21. hxg4 Nxg4+ 22. Kh1 Ne3 (22... Rde8 $14) 23. Re1 $16 Rde8 {[#]} 24. Nd1 $1 {[%cal Bc3d1,Bd1b2,Bb2d3,Bd3f2][%mdl 32]} Nxg2 25. Rxe7 Qxe7 26. Kxg2 ({Don't take} 26. Qxg2 $6 Ne4 $14) ({Much less strong is} 26. Rxg2 $6 Qe4 $14) 26... Ne4 27. Re2 d5 28. Nf3 Bxb2 29. Nxb2 c5 (29... Qd8 $142 30. Nd3 Nd6) 30. Nd3 $18 b6 31. Nf2 Qb7 32. Qe1 f5 33. Ne5 Nf6 (33... Nd6 {was called for.} 34. g4 Rf8) 34. Kg1 {Threatens to win with Neg4.} Kg7 35. Qa1 Re7 36. Qe1 $2 (36. g4 $18) 36... h6 $2 {[%mdl 8192]} (36... Re8 $1 $11) 37. Nf3 Ne4 38. Nxe4 fxe4 39. Ne5 g5 40. c4 Kh7 (40... e3 $142 41. Rxe3 d4) 41. cxd5 gxf4 42. gxf4 Rg7+ 43. Rg2 Qxd5 44. Rxg7+ Kxg7 45. Qg3+ Kf8 46. Qe3 Ke7 47. Nc4 b5 (47... Qd3 $142 48. Kf2 Qc2+ 49. Nd2 Kf6) 48. axb5 {[%cal Ba4b5,Bb5b6][%mdl 32]} a4 49. Kf2 Kd8 50. b6 h5 51. Qc3 Qd4+ 52. Qxd4+ {White mates.} cxd4 53. bxa4 h4 54. Ne5 h3 55. Ng4 {Accuracy: White = 72%, Black = 30%.} 1-0

[Event "17th Asian Continental-ch Open 2018"]
[Site "Makati City"]
[Date "2018.12.12"]
[Round "3.15"]
[White "Megaranto, Susanto"]
[Black "Cuhendi, Sean Winshand"]
[Result "1-0"]
[WhiteElo "2512"]
[BlackElo "2429"]
[Annotator "TA"]
[PlyCount "159"]
[EventDate "2018.12.07"]
[EventType "swiss"]
[EventRounds "9"]
[EventCountry "PHI"]

{[%evp 14,159,25,-2,4,0,13,-22,-19,-19,-8,0,0,0,8,0,0,0,17,0,6,-15,0,0,0,-35,-18,-39,-8,-25,1,0,0,0,0,0,0,0,33,5,10,6,37,37,52,35,207,203,280,91,99,96,306,142,166,58,62,27,97,62,77,81,129,60,187,191,198,188,281,207,254,247,261,263,248,231,464,464,464,459,464,457,489,464,464,464,464,415,554,554,554,466,464,464,464,464,464,464,464,459,29949,29958,29956,29960,29969,29970,29970,29971,29970,29972,29973,29974,29974,29974,29974,29975,29974,29975,29975,29976,29977,29978,29978,29978,29978,29977,29975,29976,29977,29975,29974,29975,29979,29980,29980,29978,29978,29979,29979,29980,29982,29984,29985,29986,29986,29987,29987,29986]} 1. Nf3 Nf6 2. g3 g6 3. Bg2 Bg7 4. O-O O-O 5. c4 d6 6. Nc3 e5 7. d3 a5 8. Rb1 {LiveBook: 34 Games. A24: English Opening vs King's Indian: Lines without ...Nc6} Bd7 (8... Re8 9. Nd2 c6 10. a3 d5 11. b4 axb4 12. axb4 Be6 13. b5 Nbd7 14. Qc2 Bf8 15. bxc6 bxc6 16. cxd5 cxd5 {0-1 (108) Narayanan,S (2532)-Gledura,B (2613) Stockholm 2018}) 9. Bg5 h6 $146 ({Predecessor:} 9... Qc8 10. Qc1 Bh3 11. Bxf6 Bxf6 12. Nd5 Bd8 13. Qh6 Bxg2 14. Kxg2 f6 15. Nh4 Qd7 {0-1 (65) Mastrovasilis,A (2357)-Solak,D (2460) Kavala 1999}) 10. Bxf6 {The position is equal.} (10. Bd2 {is more complex.} Nc6 11. a3 Re8 12. Qc1 Kh7 13. b4) 10... Qxf6 11. Nd2 Nc6 12. a3 Qd8 13. e3 Qc8 14. b4 axb4 15. axb4 Ne7 16. Re1 Bh3 17. Bh1 e4 18. d4 f5 19. Nb3 g5 20. Qc2 Qd7 21. Ra1 Ng6 22. Rxa8 (22. Bg2 {seems wilder.} Bg4 23. b5 Ne7 24. Bf1 Bh5 25. Qb2) 22... Rxa8 23. Bg2 Bxg2 24. Kxg2 h5 25. b5 Re8 26. Nd2 Ra8 27. Rf1 Re8 28. Qd1 Qf7 29. Kh1 h4 $2 ({Black should play} 29... Ne7 $14) 30. g4 $1 $18 h3 31. Rg1 $2 (31. gxf5 $18 Qxf5 32. Qh5) 31... f4 $16 32. Ncxe4 Bh6 $2 {[#]} (32... d5 $16 33. cxd5 (33. Nxg5 Qf6 $16) 33... Qxd5) 33. Re1 (33. b6 $1 $18 {[%mdl 512]}) 33... d5 34. Nc3 ({Better is} 34. cxd5 $18 {Strongly threatening Qb3.} Qxd5 35. Qb1) 34... dxc4 $14 35. Qf3 fxe3 (35... Bf8 $11 {remains equal.}) 36. Qxf7+ $16 Kxf7 37. fxe3 Bg7 38. Rf1+ (38. Nxc4 $16 Kg8 39. Rc1) 38... Ke6 (38... Kg8 $1 $14) 39. Nxc4 $18 Ra8 40. Kg1 Nf4 (40... Nh4 {was necessary.} 41. d5+ Ke7) 41. Kf2 Rf8 {[#] And now ...Nd5+ would win.} 42. Ke1 $1 ({Less strong is} 42. exf4 Bxd4+ 43. Ke2 Bxc3 $14) 42... Ng2+ 43. Ke2 Rxf1 44. Kxf1 Nxe3+ $2 (44... c6 45. bxc6 bxc6) 45. Nxe3 Bxd4 46. Ned1 Be5 47. Ne4 Bxh2 48. Nxg5+ Kd5 49. Nxh3 Kc5 50. Nc3 Be5 51. Ng5 c6 52. Nge4+ Kb6 53. bxc6 Kxc6 54. Ke2 b5 55. Na2 Kd5 56. Kd3 Ke6 (56... Bg7 $18 57. Nac3+ Kc6) 57. Nac3 {White mates.} b4 58. Ng5+ Kf6 59. Nce4+ Kg6 60. Kc4 Bd6 61. Nf3 Be7 62. Ne5+ Kg7 63. Nc6 Bf8 64. Nxb4 Kf7 65. Ng5+ Kf6 66. Nf3 Bh6 67. Kd5 Bf8 68. Nd3 Bh6 69. Nf2 Bf4 70. Ne4+ Kf7 71. Nc5 Kf6 72. Nd7+ Kf7 73. Ke4 Bh6 74. Nb6 Kf6 75. Nd5+ Kg6 76. Ke5 Bg7+ 77. Ke6 Bh6 78. Ne7+ Kh7 79. Kf7 Bf4 80. Nf5 {Accuracy: White = 49%, Black = 26%.} 1-0

[Event "17th Asian Continental-ch Open 2018"]
[Site "Makati City"]
[Date "2018.12.12"]
[Round "3.16"]
[White "Chen, Qi b"]
[Black "Tan, Zhongyi"]
[Result "1/2-1/2"]
[WhiteElo "2437"]
[BlackElo "2508"]
[PlyCount "57"]
[EventDate "2018.12.07"]
[EventType "swiss"]
[EventRounds "9"]
[EventCountry "PHI"]
[TimeControl "40/5400+30:1800+30"]

1. e4 e5 2. Nf3 Nc6 3. Bb5 a6 4. Ba4 Nf6 5. O-O Nxe4 6. d4 b5 7. Bb3 d5 8. dxe5 Be6 9. Nbd2 Be7 10. c3 Nc5 11. Bc2 d4 12. Nb3 dxc3 13. Nxc5 Bxc5 14. bxc3 Qxd1 15. Rxd1 Rd8 16. Rxd8+ Kxd8 17. a4 Kd7 18. axb5 axb5 19. Rb1 Rb8 20. Bd3 b4 21. cxb4 Rxb4 22. Rxb4 Bxb4 23. Bb5 Bc3 24. Be3 Bd5 25. Nd4 Bxd4 26. Bxd4 Ke6 27. Bxc6 Bxc6 28. f4 Kf5 29. Ba7 1/2-1/2

[Event "17th Asian Continental-ch Open 2018"]
[Site "Makati City"]
[Date "2018.12.12"]
[Round "3.17"]
[White "Gagare, Shardul"]
[Black "Amartuvshin, Ganzorig"]
[Result "1/2-1/2"]
[WhiteElo "2504"]
[BlackElo "2376"]
[Annotator "TA"]
[PlyCount "113"]
[EventDate "2018.12.07"]
[EventType "swiss"]
[EventRounds "9"]
[EventCountry "PHI"]

{[%evp 31,113,57,57,28,36,28,47,46,46,37,32,16,20,25,31,0,0,0,0,-70,-74,-64,-66,-64,-60,-66,-60,-60,-60,-77,-20,-25,-21,-25,-35,-35,-35,-35,-33,-27,-18,-21,0,-27,-11,-8,-14,-14,-14,-16,-16,-37,-21,-29,-31,-27,-34,-42,-42,-56,0,0,0,0,0,0,0,0,0,0,0,0,2,0,0,0,0,0,0,0,0,0,0,0]} 1. e4 c5 2. Nf3 e6 3. d4 cxd4 4. Nxd4 Nc6 5. Nc3 Qc7 6. g3 a6 7. Bg2 Nf6 8. O-O Nxd4 9. Qxd4 Bc5 10. Bf4 d6 11. Qd2 h6 12. Rad1 e5 13. Be3 Be6 {B47: Sicilian: Taimanov: 5 Nc3 Qc7 6 f4, 6 g3 and 6 Be2} 14. Bxc5 dxc5 15. Nd5 Bxd5 16. exd5 Qd6 {LiveBook: 62 Games} (16... O-O 17. d6 Qb6 18. c4 Rad8 19. Rfe1 Rfe8 20. Bh3 Nh7 21. f4 {1-0 (60) Vidit,S (2715)-Van Foreest,J (2629) Riadh 2017}) 17. a4 O-O $146 ({Predecessor:} 17... b5 18. Qa5 Rb8 19. axb5 axb5 20. Ra1 O-O 21. Rfd1 {1-0 (67) Mantovani,R (2353)-Straub,P (2123) Lido Estensi 2003}) 18. a5 Rab8 19. Rfe1 Rfe8 20. Re2 b6 21. b3 bxa5 22. Qxa5 Rb4 23. Ra1 e4 24. c4 Rxb3 25. Qxa6 (25. Rae1 $11) 25... Qxa6 $15 26. Rxa6 Rc3 $1 {[%cal Rc3c1]} 27. Bh3 Rxc4 28. d6 Rc1+ 29. Kg2 {White wants to play d7.} Rd1 30. Rc6 Re5 ({Black should play} 30... g6 $17) 31. Rc8+ Kh7 32. d7 Nxd7 {[#] aiming for ...f5.} 33. Rxe4 $1 {[%mdl 576] Decoy} Rxe4 34. Bf5+ g6 35. Bxe4 {[%mdl 4096] Endgame KRB-KRN} Rd4 36. Bc6 Ne5 37. Bb5 c4 38. Rc5 f6 39. Rc7+ Kh8 40. Rc8+ Kg7 41. Rc7+ Kf8 42. f4 Rd2+ 43. Kf1 Ng4 44. Bxc4 Ne3+ 45. Ke1 $1 {[%cal Re1d2]} Rc2 (45... Nxc4 $15 46. Rxc4 Rxh2) 46. Rf7+ $11 {[%mdl 64] [#] Double Attack. The position is equal.} Kg8 47. Be6 Ng2+ 48. Kd1 Ne3+ {[%mdl 64] Discovered Attack} 49. Ke1 Ng2+ 50. Kf1 Ne3+ {[%mdl 64] Discovered Attack} 51. Kg1 Rg2+ 52. Kh1 Re2 {[%cal Re2e1]} 53. Rxf6+ {[%mdl 64] Discovered Attack} Kg7 {[%cal Re2e1]} 54. Rf7+ Kh8 {[%cal Re2e1]} 55. Rf8+ Kg7 {[%cal Re2e1]} 56. Rf7+ Kh8 {[%cal Re2e1]} 57. Rf8+ {Accuracy: White = 59%, Black = 76%.} 1/2-1/2

[Event "17th Asian Continental-ch Open 2018"]
[Site "Makati City"]
[Date "2018.12.12"]
[Round "3.18"]
[White "Garcia, Jan Emmanuel"]
[Black "Bilguun, Sumiya"]
[Result "1/2-1/2"]
[WhiteElo "2429"]
[BlackElo "2497"]
[Annotator "TA"]
[PlyCount "34"]
[EventDate "2018.12.07"]
[EventType "swiss"]
[EventRounds "9"]
[EventCountry "PHI"]

{[%evp 18,34,35,17,16,-2,14,14,28,30,15,-56,-35,-31,-41,-50,-18,-25,0]} 1. c4 e6 2. Nf3 d5 3. d4 c6 4. e3 Nf6 5. b3 Bb4+ (5... c5 6. Bb2 cxd4 7. exd4 dxc4 8. bxc4 Qa5+ 9. Nbd2 Ba3 10. Qc1 Bxb2 11. Qxb2 Nc6 12. Be2 Qb4 13. O-O-O {½-½ (57) Short,N (2698)-Duda,J (2706) Heraklio 2017}) 6. Nbd2 {D30: Queen's Gambit Declined: Systems without Nc3} Nbd7 7. Bb2 Ne4 8. Bd3 f5 (8... O-O 9. a3 Bxd2+ 10. Nxd2 Nxd2 11. Qxd2 f5 12. O-O Nf6 13. b4 {1-0 (39) Garcia,J (2396)-Bilguun,S (2249) Quezon City 2014}) 9. a3 Bd6 10. O-O {LiveBook: 10 Games} Qf6 11. Bxe4 $146 ({Predecessor:} 11. b4 O-O 12. b5 g5 13. g3 Qg7 14. Rc1 Ndf6 15. Ne5 cxb5 16. cxb5 Bd7 17. f3 Nxd2 18. Qxd2 g4 {½-½ (18) Leitao,R (2604)-Zambrana,O (2479) Santos 2008}) 11... dxe4 12. Ne5 Nxe5 13. dxe5 Bxe5 14. Qh5+ (14. Nxe4 $1 $11 Bxh2+ 15. Kxh2 Qxb2 16. Nd6+ Ke7 17. f4) 14... g6 $15 15. Bxe5 $1 Qxe5 16. Qg5 O-O 17. f3 exf3 1/2-1/2